Reinventing Government through HRM Strategies (Record no. 89407)

MARC details
000 -LEADER
fixed length control field 00551nam a2200217Ia 4500
008 - FIXED-LENGTH DATA ELEMENTS--GENERAL INFORMATION
fixed length control field 230125s9999 xx 000 0 und d
020 ## - INTERNATIONAL STANDARD BOOK NUMBER
International Standard Book Number 81-314-1250-9
041 ## - LANGUAGE CODE
Language code of text/sound track or separate title eng
082 ## - DEWEY DECIMAL CLASSIFICATION NUMBER
Classification number 658.312 44
Item number ADH
100 ## - MAIN ENTRY--PERSONAL NAME
Personal name Adhia H
9 (RLIN) 112457
245 ## - TITLE STATEMENT
Title Reinventing Government through HRM Strategies
250 ## - EDITION STATEMENT
Edition statement 1st Ed.
260 ## - PUBLICATION, DISTRIBUTION, ETC. (IMPRINT)
Date of publication, distribution, etc. 2007
Name of publisher, distributor, etc. ICFAI publication
Place of publication, distribution, etc. Hyderabad
300 ## - PHYSICAL DESCRIPTION
Extent 181p
440 ## - SERIES STATEMENT/ADDED ENTRY--TITLE
Title ICFAI
500 ## - GENERAL NOTE
Keywords Strategic HR
650 ## - SUBJECT ADDED ENTRY--TOPICAL TERM
Topical term or geographic name as entry element Human Resource Management
700 ## - ADDED ENTRY--PERSONAL NAME
Personal name Adhia H
9 (RLIN) 112457
906 ## - LOCAL DATA ELEMENT F, LDF (RLIN)
b 71
Holdings
Withdrawn status Lost status Damaged status Not for loan Home library Current library Date acquired Vendor Cost, normal purchase price Total Checkouts Full call number Barcode Date last seen Cost, replacement price Bill Date Koha item type Original Barcode
        Smt. Hiraben Nanavati Institute of Management & Research for Women Smt. Hiraben Nanavati Institute of Management & Research for Women 26/03/2008 Popular Book House 475.00   658.312 44 ADH B06166 HIMR-BK-6166 25/01/2023 404.00 25/03/2008 Books B06166